|
|
|
|
| LEADER |
00000nab a2200000 a 4500 |
| 001 |
vtls000919624 |
| 003 |
SK-MaSNL |
| 005 |
20260303033753.0 |
| 008 |
040720e19930406xo 0 slo |
| 035 |
|
|
|a KE28501
|
| 040 |
|
|
|a KEVKJB
|b slo
|c KEVKJB
|e AACR2
|
| 041 |
0 |
|
|a slo
|
| 044 |
|
|
|a xo
|c SK
|
| 080 |
|
|
|a 621.396:929
|2 1981
|
| 080 |
|
|
|a 69
|2 1981
|
| 100 |
0 |
|
|a (kč)
|4 aut
|9 847317
|
| 245 |
1 |
0 |
|a V Košickom Strojmonte zúfalá situácia
|
| 518 |
|
|
|a r.1953
|
| 610 |
2 |
7 |
|a Strojmont (Košice, Slovensko)
|2 KEVKJB
|9 95380
|
| 610 |
2 |
7 |
|a Montáže, Košice
|2 KEVKJB
|9 879893
|
| 650 |
0 |
7 |
|a vznik
|2 KEVKJB
|9 315833
|
| 650 |
0 |
7 |
|a dejiny
|2 KEVKJB
|9 3825
|
| 650 |
0 |
7 |
|a súčasnosť
|2 KEVKJB
|9 449161
|
| 650 |
0 |
7 |
|a problémy finančné
|2 KEVKJB
|9 873460
|
| 650 |
0 |
7 |
|a reportáže
|2 KEVKJB
|9 75670
|
| 651 |
|
7 |
|a KE,
|2 KEVKJB
|9 877256
|
| 655 |
|
7 |
|a periodikum
|2 snkbucl
|9 29553
|
| 710 |
2 |
|
|a Strojmont, Košice
|4 aut
|9 1017991
|
| 773 |
0 |
8 |
|t Slovenský denník
|g Roč. 3
|g Roč. 28, č.80, 6.4.1993, s. 5
|
| 852 |
|
|
|a ZVYKNI
|b KIS3GCP
|
| 999 |
|
|
|c 1671313
|d 1673243
|